000
00213nam a2200097Ia 4500
008
170619s9999 xx 000 0 und d
100
_a
Liao- Samuel Y.
245
0
_a
Microwave
260
_b
New Delhi: PHI
260
_c
1999
546
_a
ENGLISH
999
_c
16130
_d
16130